That's my picture! / (Record no. 8385)
[ view plain ]
| 000 -LEADER | |
|---|---|
| fixed length control field | 00917nam a22002657a 4500 |
| 001 - CONTROL NUMBER | |
| control field | 8385 |
| 003 - CONTROL NUMBER IDENTIFIER | |
| control field | FISKH |
| 005 - DATE AND TIME OF LATEST TRANSACTION | |
| control field | 20250910115132.0 |
| 008 - FIXED-LENGTH DATA ELEMENTS--GENERAL INFORMATION | |
| fixed length control field | 250910b cb ||||| |||| 00| 0 eng d |
| 020 ## - INTERNATIONAL STANDARD BOOK NUMBER | |
| International Standard Book Number | 9781405900928 |
| 040 ## - CATALOGING SOURCE | |
| Original cataloging agency | FISKH |
| Language of cataloging | eng |
| Transcribing agency | FISKH |
| Modifying agency | FISKH |
| 082 ## - DEWEY DECIMAL CLASSIFICATION NUMBER | |
| Classification number | 823.914 |
| 100 ## - MAIN ENTRY--PERSONAL NAME | |
| Personal name | BBC |
| 245 ## - TITLE STATEMENT | |
| Title | That's my picture! / |
| Statement of responsibility, etc. | By BBC |
| 260 ## - PUBLICATION, DISTRIBUTION, ETC. | |
| Place of publication, distribution, etc. | London : |
| Name of publisher, distributor, etc. | BBC Children's , |
| Date of publication, distribution, etc. | 2005 . |
| 300 ## - PHYSICAL DESCRIPTION | |
| Extent | 32 unnumbered pages : |
| Other physical details | color illustrations ; |
| Dimensions | 18 cm . |
| 490 ## - SERIES STATEMENT | |
| Series statement | Tweenies |
| 505 ## - FORMATTED CONTENTS NOTE | |
| Formatted contents note | G <br/><br/> |
| 520 ## - SUMMARY, ETC. | |
| Summary, etc. | Milo is painting a picture of a cat. But when he leaves it alone for a moment, Bella comes along and adds a body to what she thinks is a rabbit. Then Fizz adds legs to the 'horse'. And Jake adds stripes to the 'zebra'<br/> |
| 521 8# - TARGET AUDIENCE NOTE | |
| Target audience note | 400 <br/><br/> |
| Source | Lexile estimate <br/> |
| 521 8# - TARGET AUDIENCE NOTE | |
| Target audience note | G <br/><br/> |
| Source | Raz-Plus <br/><br/> |
| 700 ## - ADDED ENTRY--PERSONAL NAME | |
| Personal name | Magic island |
| Relator term | Illustrator |
| 942 ## - ADDED ENTRY ELEMENTS (KOHA) | |
| Source of classification or shelving scheme | Dewey Decimal Classification |
| Koha item type | Books |
| Suppress in OPAC | No |
| Withdrawn status | Lost status | Source of classification or shelving scheme | Damaged status | Not for loan | Collection | Home library | Current library | Shelving location | Date acquired | Total Checkouts | Full call number | Barcode | Date last seen | Price effective from | Koha item type |
|---|---|---|---|---|---|---|---|---|---|---|---|---|---|---|---|
| Dewey Decimal Classification | Juvenile Fiction | Footprints International School Library Network Toul Tom Poung Campus | Footprints International School Library Network Toul Tom Poung Campus | TTP Primary Dark Blue Bookshelves | 09/10/2025 | BBC 823.914 | FIS01944 | 09/10/2025 | 09/10/2025 | Books |
